000
00279nam a2200097Ia 4500
001
1299394
005
20260417170343.0
008
260417s9999 xx 000 0 und d
245
0
_a
TÜRKİYE'Yİ GEZİYORUM 7 LEVENT SAMSUN'DA
_c
MUSTAFA ORAKÇI
260
_b
TİMAŞ ÇOCUK YAYINLARI
999
_c
1299394
_d
1299394